000 02294nam a2200409Ii 4500
001 9781787146686
003 UtOrBLW
005 20210303084948.0
006 m o d
007 cr un|||||||||
008 170915s2017 enk ob 001 0 eng d
020 _a9781787146686
_q(e-book)
040 _aUtOrBLW
_beng
_erda
_cUtOrBLW
050 4 _aH61
_b.R43 2017
072 7 _aJHBA
_2bicssc
072 7 _aSOC026040
_2bisacsh
080 _a316.7
082 0 4 _a300.1
_223
100 1 _aRedhead, Steve,
_d1952-
_eeditor.
245 1 0 _aTheoretical times /
_cSteve Redhead.
264 1 _bEmerald Publishing Limited,
300 _a1 online resource (xxxvi, 276 pages)
500 _aIncludes index.
504 _aIncludes bibliographical references.
520 _aIn Theoretical Times, Steve Redhead describes the post-crash economic, environmental, political and cultural condition we live in today. As the rise of the international right - Donald Trump, Brexit, Marine Le Pen - swarms the globe, a new global battle within the right is developing: the globalists and neo-liberals versus the economic nationalists and protectionists. What then are the prospects for a resurrected theoretical politics of the left? Theoretical Times considers the work of theorists such as Alain Badiou, Slavoj Žižek, Jean Baudrillard and Paul Virilio, in this innovative reinvention of theory and the politics of theory. After the global financial crash the world is being hollowed out and we find ourselves in what Žižek calls a desperate state of hopelessness, the new dark ages. Accelerated culture sees us digitally entertaining ourselves to death but leaves us exhausted and frightened waiting for World War Three. Theoretical Times offers new theoretical resources as a way out of the quicksand.
588 0 _aPrint version record
650 7 _aSocial Science
_xSociology / Social Theory.
_2bisacsh
650 7 _aSocial theory.
_2bicssc
650 0 _aSocial sciences
_xPhilosophy.
650 0 _aIdeology.
776 _z9781787146693
856 4 0 _uhttps://www.emerald.com/insight/publication/doi/10.1108/9781787146686
999 _c30256
_d30256